000 01208cam a22003617a 4500
003 CHAP
005 20220329141208.0
008 971010s1976 r 00010 d
010 _a64176
011 _a65148
035 _a71400
040 _cCHAP
090 _aTesis
100 0 0 _aNery Genes, Haroldo.
_980890
245 1 4 _aLos levantamientos de suelos
_cpor Haroldo Nery Genes
260 _aChapingo, Méx. :
_bEl autor,
_c1976
300 _a119 h.
500 _aFotocopia
502 _aTesis (Ing. Agr. Esp. en Suelos) -- ENA. Departamento de Suelos
590 _aALEPH
_b10
_c20130110
_lUCH01
_h1350
590 _aBATCH-UPD
_b10
_c20130110
_lUCH01
_h0523
590 _aBATCH-UPD
_b10
_c20130410
_lUCH01
_h0202
590 _aBATCH-UPD
_b10
_c20130914
_lUCH01
_h1723
590 _aCONVERSION
_b10
_c20130109
_lUCH01
_h1335
650 1 4 _aLevantamiento topográfico.
_966426
650 1 4 _aSuelos
_xTopografía.
_9110495
901 _aBK
942 _cFOLL
949 _aTesis
_bBC
_cBPP
_d00000000071400
_eTS2
_fc.2
_i71400
_sb
949 _aTesis
_bBC
_cMF
_d33724002033363
_eTS1
_h46683
_i71400
_si
949 _aTesis
_bBC
_cTES
_d33724002059272
_eTS2
_fc.3
_h18318
_i71400
_si
949 _bS
_cTES
_d-4021
_eTS1
_i71400
_si
999 _c64176
_d64176